00554nam a2200193 a 4500001001300000003000900013005001700022008004100039020001000080082001600090100002300106245006100129260004800190300000800238500003500246505001600281650004000297700002300337nice12345678IN_TiNIC20260116011758.0050524s1965 jaba grm 000 0 eng  ac10000a297.24bBIS aBiswas, Chitranjan aChristian Evaluation of `ISA`b Jesus, in the Holy Quran aJabalpurbLeonard Theological Collegec1965 a38p aincludes index and biblioraphy2 aG.Th.Thesis aJesus Christ-Islamic Interpretation1 aBiswas, Chitranjan